| 000 | 00420nam a2200157Ia 4500 | ||
|---|---|---|---|
| 008 | 210210b1993 xxu||||| |||| 00| 0 eng d | ||
| 020 | _a0 7493 9946 5 | ||
| 082 | _a823.912 KAFC | ||
| 100 | _aKAFKA (Franz). | ||
| 245 | _aComplete short stories of Franz Kafka. | ||
| 260 |
_aGreat Britain. _bMinerva Paperback., _c1993 |
||
| 300 | _avi,486 | ||
| 650 | _aShort Stories | ||
| 690 | _aEnglish Fiction | ||
| 906 | _a048549 | ||
| 999 |
_c97235 _d97235 |
||